| 000 | 01672cam a22002054a 4500 | ||
|---|---|---|---|
| 005 | 20250605164237.0 | ||
| 008 | 250528s ||||||||||||||||||||||||d | ||
| 035 | _a21175 | ||
| 020 | _a9789602184677 | ||
| 040 |
_aGR-AtMCL _bgre _dGR-AtMCL _eAACR2 |
||
| 245 | 1 | _aΗ Δυναμική της Παγκοσμιοποίησης και οι Επιχειρήσεις στην Ελλάδα | |
| 250 | _a1η | ||
| 260 |
_bΚριτική - Επιστημονική Βιβλιοθήκη, _c2006 |
||
| 300 | _a344 | ||
| 520 | _aΕισαγωγή και Μεθοδολογικός Προσανατολισμός, Η Κεντρική Προβληματική: Η Συνδυασμένη Αναπαραγωγή της Ομοιογένειας και της Ετερογένειας μέσα στην Παγκοσμιοποίηση και η Δυναμική Stra.Tech.Man της Επιχείρησης, Παγκοσμιοποίηση: Ο Μεγάλος Άγνωστος;, Οι Μύθοι Σχετικά με την Παγκοσμιοποίηση, Ο Πύργος της Παραδοσιακής Οικονομικής Επιστήμης και οι Αναγνώσεις της Δυναμικής της Παγκοσμιοποίησης, Τα Νέα Ρεύματα της Οικονομικής Επιστήμης: Η Ανταγωνιστικότητα ως Εξελικτική Σύνθεση, Η Νέα Προβληματική της Ανάπτυξης μέρσα στην Παγκοσμιοποίηση: Η Δύσκολη Περίπτωση της Ελλάδας, Γλωσσάρι. | ||
| 700 | 1 |
_aΒλάδος Χάρης _97201 |
|
| 942 | _cBK | ||
| 999 |
_c6243 _d6243 |
||